000 00770nam a2200253Ia 4500
003 OSt
005 20220918171415.0
006 a|||||r|||| 00| 0
007 ta
008 220917b |||||||| |||| 00| 0 eng d
020 _a9781780767932 (pbk)
_cUKP 14.99
024 _a352,718
037 _b4446, 04/03/2020, Govinda Book House
_cTextual
040 _aARTS
_cARTS
_beng
041 _2eng
_aeng
082 _aV58, Q7
100 _aSwain Geoffrey Au.
_936422
245 0 _aShort history of the russian revolution
260 _aLondon
_bI. B. Tauris UK
_c2017
300 _axxiii,232p.
_ccm.
650 _aRUSSIA - HISTORY
_922158
942 _hV58, Q7
_cTEXL
_2CC
999 _c139456
_d139456